Statistics for All Too Well (10 Minute Version) PART 2 lyrics

Click here to take the quiz!

General Stats

  • This quiz has been taken 156 times
  • The average score is 364 of 406

Answer Stats

Lyrics% Correct
a
100%
we
100%
I
99%
all
96%
the
96%
to
96%
too
96%
too?
96%
well
96%
well?
96%
in
95%
it
95%
It
95%
me
95%
be
94%
he
94%
remember
94%
there
94%
there,
94%
was
94%
You
94%
you
94%
and
93%
And
93%
like
93%
my
93%
but
92%
But
92%
do
92%
so
92%
still
92%
again
90%
again,
90%
love
90%
night,
90%
night
90%
old
90%
when
90%
your
90%
'Cause
89%
'cause
89%
I'm
89%
jokes,
89%
jokes
89%
of
89%
said,
89%
scarf
89%
self
89%
who
89%
fun,
88%
get
88%
"It's
88%
it's
88%
on
88%
then
88%
were
88%
dad
87%
find
87%
first
87%
From
87%
from
87%
innocence
87%
rare,
87%
reminds
87%
show
87%
smells
87%
that
87%
twenty-one"
87%
with
87%
you're
87%
age"
86%
are
86%
at
86%
her
86%
Just
86%
late
86%
rid
86%
stay
86%
supposed
86%
turning
86%
very
86%
walk
86%
week
86%
affair
85%
can't
85%
Down
85%
keep
85%
older,
85%
stairs,
85%
thing
85%
Time
85%
us,
85%
did
83%
ever
83%
goes,
83%
loved
83%
made
83%
trying
83%
watch
83%
you've
83%
alone
82%
back
82%
Back
82%
between
82%
by
82%
come
82%
door
82%
fly,
82%
home
82%
how
82%
known
82%
lovers
82%
never
82%
own
82%
punchline
82%
real
82%
soldier
82%
telling
82%
things
82%
twin
82%
who's
82%
as
81%
days
81%
fall
81%
flame
81%
front
81%
good
81%
half
81%
I'd
81%
maim
81%
one
81%
paint
81%
returning
81%
snow
81%
won't
81%
blue?
80%
bones
80%
bruise
80%
charmed
80%
coffee
80%
fell
80%
"I'll
80%
nights
80%
paralyzed
80%
skin
80%
weight
80%
willing
80%
After
79%
Brooklyn
79%
glistened
79%
lost
79%
mail
79%
Now
79%
Sipping
79%
watched
79%
shirt
77%
hair,
76%
plaid
76%
prayer,
76%
Wind
76%
before
75%
broke,
75%
cold,
75%
effacing
73%
this
71%
city's
70%
Sacred
69%
barren
65%
Scared
21%

Score Distribution

Percentile by Number Answered

Percent of People with Each Score

Your Score History

You have not taken this quiz